| 000 | 00625nam a2200229Ia 4500 | ||
|---|---|---|---|
| 003 | OSt | ||
| 005 | 20220924113850.0 | ||
| 006 | a|||||r|||| 00| 0 | ||
| 007 | ta | ||
| 008 | 220923b |||||||| |||| 00| 0 urd d | ||
| 024 | _a317805 | ||
| 037 | _cTextual | ||
| 040 |
_aARTS _cARTS _burd |
||
| 041 |
_2urd _aurd |
||
| 082 | _aO168,3MIJ,WM, E1 | ||
| 100 |
_aIjad Habeeb Ahmad Au. _9170541 |
||
| 245 | 0 | _aWafadar mashuqa | |
| 260 |
_aAgra _bAbul Aalai India _c1911 |
||
| 650 |
_aURDU FICTION _93298 |
||
| 942 |
_hO168,3MIJ,WM, E1 _cTEXL _2CC |
||
| 999 |
_c390642 _d390642 |
||